000 00569cam a22002053a 4500
001 40003
003 PGUSA
005 20140828083906.0
008 120615s2012||||xxu|||||s|||||000 | eng d
040 _aPGUSA
_beng
042 _adc
100 1 _aPyke, William
245 1 0 _aAustralian Heroes and Adventurers
_h[electronic resource] /
_cWilliam Pyke
260 _bProject Gutenberg,
_c2012
506 _aPublic domain in the USA.
516 _aElectronic text
830 0 _aProject Gutenberg
_v40003
856 4 0 _uhttp://www.gutenberg.org/ebooks/40003
942 _cEB
999 _c269256
_d269256